<?xml version="1.0" encoding="UTF-8"?>
<record
    xmlns:xsi="http://www.w3.org/2001/XMLSchema-instance"
    xsi:schemaLocation="http://www.loc.gov/MARC21/slim http://www.loc.gov/standards/marcxml/schema/MARC21slim.xsd"
    xmlns="http://www.loc.gov/MARC21/slim">

  <leader>01712nam a22003617a 4500</leader>
  <controlfield tag="001">42835</controlfield>
  <controlfield tag="003">gtgccic</controlfield>
  <controlfield tag="005">20250804112221.0</controlfield>
  <controlfield tag="007">ta</controlfield>
  <controlfield tag="008">250731b        mx ||||| |||| 00| 0 spa d</controlfield>
  <datafield tag="020" ind1=" " ind2=" ">
    <subfield code="a">968243615</subfield>
  </datafield>
  <datafield tag="040" ind1=" " ind2=" ">
    <subfield code="a">gtgccic</subfield>
    <subfield code="b">spa</subfield>
    <subfield code="c">gtgccic</subfield>
    <subfield code="d">gtgccic</subfield>
    <subfield code="e">rda</subfield>
  </datafield>
  <datafield tag="082" ind1=" " ind2=" ">
    <subfield code="a">691 D333</subfield>
  </datafield>
  <datafield tag="100" ind1="1" ind2=" ">
    <subfield code="a">Gaspar de la Garza</subfield>
    <subfield code="e">Autor</subfield>
  </datafield>
  <datafield tag="245" ind1=" " ind2=" ">
    <subfield code="a">Materiales y construcci&#xF3;n /</subfield>
    <subfield code="c">Garza, Gaspar de la</subfield>
  </datafield>
  <datafield tag="264" ind1=" " ind2=" ">
    <subfield code="a">M&#xE9;xico :</subfield>
    <subfield code="b">Editorial Trillas ;</subfield>
    <subfield code="c">1991.</subfield>
  </datafield>
  <datafield tag="300" ind1=" " ind2=" ">
    <subfield code="a">117 p. :</subfield>
    <subfield code="b">il.</subfield>
    <subfield code="c">27 cm</subfield>
  </datafield>
  <datafield tag="336" ind1=" " ind2=" ">
    <subfield code="2">rdacontenido</subfield>
    <subfield code="a">texto</subfield>
    <subfield code="b">txt</subfield>
  </datafield>
  <datafield tag="337" ind1=" " ind2=" ">
    <subfield code="2">rdamedio</subfield>
    <subfield code="a">sin mediaci&#xF3;n</subfield>
    <subfield code="b">n</subfield>
  </datafield>
  <datafield tag="338" ind1=" " ind2=" ">
    <subfield code="2">rdasoporte</subfield>
    <subfield code="a">volumen</subfield>
    <subfield code="b">nc</subfield>
  </datafield>
  <datafield tag="505" ind1=" " ind2=" ">
    <subfield code="g">Cap. 1.</subfield>
    <subfield code="t">ESTUDIOS PRELIMINARES</subfield>
  </datafield>
  <datafield tag="505" ind1=" " ind2=" ">
    <subfield code="g">Cap. 2.</subfield>
    <subfield code="t">TRABAJOS INICIALES DE LA CONSTRUCCI&#xD3;N</subfield>
  </datafield>
  <datafield tag="505" ind1=" " ind2=" ">
    <subfield code="g">Cap. 3.</subfield>
    <subfield code="t">TRASMISI&#xD3;N DE CARGAS A LA CIMENTACI&#xD3;N</subfield>
  </datafield>
  <datafield tag="505" ind1=" " ind2=" ">
    <subfield code="g">Cap. 4.</subfield>
    <subfield code="t">ESTRUCTURAS</subfield>
  </datafield>
  <datafield tag="505" ind1=" " ind2=" ">
    <subfield code="g">Cap. 5.</subfield>
    <subfield code="t">APLICACI&#xD3;N DE MATERIALES EN LA OBRA</subfield>
  </datafield>
  <datafield tag="505" ind1=" " ind2=" ">
    <subfield code="g">Cap. 6.</subfield>
    <subfield code="t">ESPECIFICACIONES DE CONSTRUCCI&#xD3;N</subfield>
  </datafield>
  <datafield tag="505" ind1=" " ind2=" ">
    <subfield code="g">Ap&#xE9;ndice</subfield>
    <subfield code="t">C&#xC1;LCULO DE LOSAS</subfield>
  </datafield>
  <datafield tag="520" ind1=" " ind2=" ">
    <subfield code="a">Construir con seguridad, confort, funcionalidad y est&#xE9;tica, es una necesidad de toda ciudad moderna, &#xBF;pero qu&#xE9; elementos influyen en el tipo de construcci&#xF3;n que se pretende erigir?, cu&#xE1;l es el sistema constructivo id&#xF3;neo?, &#xBF;qu&#xE9; clase de cimentaci&#xF3;n se debe hacer? Las respuestas a estas y otras interrogantes por el estilo, se encuentran en Materiales y construcci&#xF3;n, un texto cuyo prop&#xF3;sito es familiarizar a los estudiantes de ingenier&#xED;a, as&#xED; como al personal t&#xE9;cnico que trabaja en la construcci&#xF3;n, con los conocimientos necesarios para iniciar y guiar una obra.</subfield>
  </datafield>
  <datafield tag="650" ind1=" " ind2=" ">
    <subfield code="a">MATERIALES</subfield>
  </datafield>
  <datafield tag="650" ind1=" " ind2=" ">
    <subfield code="a">INGENIER&#xCD;A DE LA CONSTRUCCI&#xD3;N</subfield>
  </datafield>
  <datafield tag="942" ind1=" " ind2=" ">
    <subfield code="2">ddc</subfield>
    <subfield code="c">BK</subfield>
    <subfield code="n">0</subfield>
  </datafield>
  <datafield tag="945" ind1=" " ind2=" ">
    <subfield code="a">amlo</subfield>
  </datafield>
  <datafield tag="999" ind1=" " ind2=" ">
    <subfield code="c">755</subfield>
    <subfield code="d">755</subfield>
  </datafield>
  <datafield tag="952" ind1=" " ind2=" ">
    <subfield code="0">0</subfield>
    <subfield code="1">0</subfield>
    <subfield code="2">ddc</subfield>
    <subfield code="4">0</subfield>
    <subfield code="7">0</subfield>
    <subfield code="a">CICON</subfield>
    <subfield code="b">CICON</subfield>
    <subfield code="c">GEN</subfield>
    <subfield code="d">2025-07-31</subfield>
    <subfield code="e">compra</subfield>
    <subfield code="i">8.3.01.H.10471/2002</subfield>
    <subfield code="l">0</subfield>
    <subfield code="o">691 D333</subfield>
    <subfield code="p">Cicon8.3.01.H.10471/</subfield>
    <subfield code="r">2025-07-31 14:19:00</subfield>
    <subfield code="t">1</subfield>
    <subfield code="w">2025-07-31</subfield>
    <subfield code="y">BK</subfield>
  </datafield>
</record>
